| 000 | 00518nam a2200181 a 4500 | ||
|---|---|---|---|
| 005 | 20140310183137.0 | ||
| 008 | 020821s19uu xx 00 eng d | ||
| 020 | _a0712679308 | ||
| 050 |
_aHG 4530 _b.K19 1999 |
||
| 100 | _aKatz, John | ||
| 245 |
_aPortfolio 2001 : _binformed investing in the new millennium / _cJohn Katz. |
||
| 260 |
_aLondon : _b Random House, Businnes Books, _c1999. |
||
| 300 |
_a583 p. : _bill. ; _c24 cm. |
||
| 521 | _aBSA | ||
| 650 | _aInvestment | ||
| 942 |
_cBK _2lcc _kFOR |
||
| 999 |
_c19299 _d19299 |
||